Municipios de La Rioja - Estadísticas

Estadísticas generales
  • Esta prueba ha sido intentada 2 veces
  • La puntuación promedio es 78 de 174
Estadísticas de respuestas
Municipio % Correcto
Albelda de Iregua
100%
Alberite
100%
Aldeanueva de Ebro
100%
Anguiano
100%
Arnedillo
100%
Autol
100%
Baños de Río Tobía
100%
Berceo
100%
Bobadilla
100%
Calahorra
100%
Canales de la Sierra
100%
Cenicero
100%
Clavijo
100%
Entrena
100%
Ezcaray
100%
Haro
100%
Leza de Río Leza
100%
Logroño
100%
Lumbreras de Cameros
100%
Matute
100%
Murillo de Río Leza
100%
Nájera
100%
Nalda
100%
Navarrete
100%
Nieva de Cameros
100%
Ribafrecha
100%
Santo Domingo de la Calzada
100%
Sojuela
100%
Sotés
100%
Soto en Cameros
100%
Viguera
100%
Villamediana de Iregua
100%
Villoslada de Cameros
100%
Ábalos
50%
Agoncillo
50%
Aguilar del Río Alhama
50%
Ajamil de Cameros
50%
Alcanadre
50%
Alesanco
50%
Alesón
50%
Alfaro
50%
Almarza de Cameros
50%
Anguciana
50%
Arnedo
50%
Ausejo
50%
Azofra
50%
Badarán
50%
Bañares
50%
Bergasa
50%
Brieva de Cameros
50%
Briñas
50%
Briones
50%
Camprovín
50%
Casalarreina
50%
Castañares de Rioja
50%
Castroviejo
50%
Cervera del Río Alhama
50%
Cihuri
50%
Cordovín
50%
Cornago
50%
El Rasillo de Cameros
50%
El Redal
50%
El Villar de Arnedo
50%
Enciso
50%
Foncea
50%
Fonzaleche
50%
Fuenmayor
50%
Galilea
50%
Gallinero de Cameros
50%
Grañón
50%
Grávalos
50%
Herce
50%
Herramélluri
50%
Hervías
50%
Hormilla
50%
Hornos de Moncalvillo
50%
Huércanos
50%
Igea
50%
Laguna de Cameros
50%
Lardero
50%
Leiva
50%
Medrano
50%
Munilla
50%
Muro de Aguas
50%
Muro en Cameros
50%
Nestares
50%
Ocón
50%
Ojacastro
50%
Ollauri
50%
Ortigosa de Cameros
50%
Pinillos
50%
Pradejón
50%
Pradillo
50%
Préjano
50%
Quel
50%
Rincón de Soto
50%
Robres del Castillo
50%
Rodezno
50%
Sajazarra
50%
San Asensio
50%
San Millán de la Cogolla
50%
San Román de Cameros
50%
Santa Eulalia Bajera
50%
San Vicente de la Sonsierra
50%
Sorzano
50%
Tobía
50%
Tormantos
50%
Torrecilla en Cameros
50%
Torre en Cameros
50%
Torremontalbo
50%
Treviana
50%
Tricio
50%
Tudelilla
50%
Uruñuela
50%
Valgañón
50%
Ventosa
50%
Ventrosa
50%
Villanueva de Cameros
50%
Villarroya
50%
Villavelayo
50%
Viniegra de Abajo
50%
Viniegra de Arriba
50%
Zarratón
50%
Arenzana de Abajo
0%
Arenzana de Arriba
0%
Arrúbal
0%
Baños de Rioja
0%
Bergasillas Bajera
0%
Bezares
0%
Cabezón de Cameros
0%
Cañas
0%
Canillas de Río Tuerto
0%
Cárdenas
0%
Cellorigo
0%
Cidamón
0%
Cirueña
0%
Corera
0%
Corporales
0%
Cuzcurrita de Río Tirón
0%
Daroca de Rioja
0%
Estollo
0%
Galbárruli
0%
Gimileo
0%
Hormilleja
0%
Hornillos de Cameros
0%
Jalón de Cameros
0%
Lagunilla del Jubera
0%
Ledesma de la Cogolla
0%
Manjarrés
0%
Mansilla de la Sierra
0%
Manzanares de Rioja
0%
Navajún
0%
Ochánduri
0%
Pazuengos
0%
Pedroso
0%
Rabanera
0%
San Millán de Yécora
0%
Santa Coloma
0%
Santa Engracia del Jubera
0%
San Torcuato
0%
Santurde de Rioja
0%
Santurdejo
0%
Terroba
0%
Tirgo
0%
Torrecilla sobre Alesanco
0%
Valdemadera
0%
Villalba de Rioja
0%
Villalobar de Rioja
0%
Villar de Torre
0%
Villarejo
0%
Villarta-Quintana
0%
Villaverde de Rioja
0%
Zarzosa
0%
Zorraquín
0%
No se encontraron pruebas coincidentes
Distribución de puntuación
Porcentaje de gente con cada puntuación
Porcentaje por número respondido
Historial de tus puntuaciones
No has intentado esta prueba.